1907 1027 1079 1254 1622 1788 1132 1897 1499 1102 1077 1176 1766 1093 1114 1648 1512 1237 1006 1860 1009 2000 1331 1972 1208 1232 1536 1374 1025 1745 1805 1160 1068 1908 1891 1704 1414 1043 1601 1576 1088 1093 1217 1926 1936 1383 1063 1057 1942 1208 1732 1732 1616 1892 1790 1025 1276 1502 1587 1737 1098 1263 1663 1294 1285 1435 1415 1163 1942 1247 1523 1609 1392 1293 1539 1502 1150 1799 1085 1417 1596 1388 1019 1042 1607 1692 1562 1930 1413 1933 1253 1589 1200 1216 1481 1656 1485 1088 1595 BCNSPRNW ULIB Ver.6.0+V

เปลี่ยนเป็นภาษาไทย

Change to English
 แสดงรายละเอียดบรรณานุกรม
  กลับหน้าหลัก

Brief Record : Get Marc (ISO 2709) : E-mail record : QR code < ปิดหน้าต่าง
LEADER : 00000nam 2200000uu 4500
001    13399114517
003     ULIB
008    120411s2552||||th 000 0 tha d
020    ^a9786167190105
090    ^aนว.^bป475ท
100 0  ^aปรุฬห์
245 00 ^aทัณฑ์ซาตาน /^cปรุฬห์
250    ^aพิมพ์ครั้งที่ 1
260    ^aกรุงเทพฯ :^bอินเลิฟ,^c2552
300    ^a280 หน้า
710 1  ^aอินเลิฟ
945    ^p189^l0^i16425
995    ^aกัณชพร
999 ^a ใช้งานได้ทุกระบบ
รายการนี้ยังไม่มีแท็ก
คุณยังไม่ได้ล็อกอิน คุณสามารถมีกิจกรรมร่วมกับเว็บไซต์ได้ แต่ต้องล็อกอินก่อน ::
  ล็อกอิน

รายการสื่อสารสนเทศ

ลำดับที่ ประเภท เลขเรียก/บาร์โค้ด สถานที่ สถานะ
1. นวนิยาย
นวนิยาย
นว. ป475ท  
  Barcode: 16425
ห้องสมุดวิทยาเขตสวรรค์ประชารักษ์
►นวนิยาย
ถูกยืม กำหนดส่งวันที่ 16 ธันวาคม 2559
  จอง

BibComment


ยังไม่เคยถูกคอมเมนท์

คอมเมนท์ทรัพยากรรายการนี้
  คอมเมนท์: ทัณฑ์ซาตาน ปรุฬห์


 Copyright 2026. Bcnsprnw @Library